1700 1227 1283 1514 1572 1882 1503 1532 1255 1700 1106 1941 1632 1705 1327 1413 1223 1633 1846 1736 1994 1117 1726 1847 1553 1349 1740 1090 1638 1213 1185 1993 1266 1916 1773 1529 1268 1262 1294 1977 1655 1507 1615 1768 1392 1218 1608 1987 1836 1986 1553 1374 1160 1817 1746 1302 1118 1796 1406 1987 1545 1375 1415 1026 1263 1860 1527 1637 1870 1142 1246 1015 1253 1098 1375 1458 1289 1071 1195 1956 1111 1274 1048 1326 1365 1533 1914 1977 1360 1827 1159 1654 1118 1153 1825 1772 1925 1575 1959 BCNSPRNW ULIB Ver.6.0+V

เปลี่ยนเป็นภาษาไทย

Change to English
 แสดงรายละเอียดบรรณานุกรม
  กลับหน้าหลัก

Brief Record : Get Marc (ISO 2709) : E-mail record : QR code < ปิดหน้าต่าง
LEADER : 00000nam 2200000uu 4500
001    13399112368
003     ULIB
008    110627s2551||||th 000 0 tha d
020    9789747503272
090    นว.^bจ685ก 2551
100 0  จูนิตา
245 00 เกมรัก..ซ่อนใจ/^cจูนิตา
250    พิมพ์ครั้งที่ 2
260    กรุงเทพฯ :^bแจ่มใส,^c2551
300    342 หน้า
710 1  แจ่มใส
945    ^p209^l0^i024465
995    ทศพร
999 ^a ใช้งานได้ทุกระบบ
รายการนี้ยังไม่มีแท็ก
คุณยังไม่ได้ล็อกอิน คุณสามารถมีกิจกรรมร่วมกับเว็บไซต์ได้ แต่ต้องล็อกอินก่อน ::
  ล็อกอิน

รายการสื่อสารสนเทศ

ลำดับที่ ประเภท เลขเรียก/บาร์โค้ด สถานที่ สถานะ
- ไม่พบข้อมูล -

BibComment


ยังไม่เคยถูกคอมเมนท์

คอมเมนท์ทรัพยากรรายการนี้
  คอมเมนท์: เกมรักซ่อนใจ จูนิตา


 Copyright 2026. Bcnsprnw @Library